007050000a220013300045001000026000002450061000263000052000875000016001395200256001557730045004119420008004569520090004649990017005541 aZapata León, Sergio10aDespués de la cocaina : Luna Park de Bret Easton Ellis aVol.0, núm.12 (Septiembre, 2006), Página 11 aPeriodista. aEl escritor norteamericano Breat Easton Ellis se convirtió en el demonio de la generación yuppie de los años ochenta al publicar American Psycho, un viaje de un asesino en serie vestido de Armani. Tras siete años de silencio, vuelve a atacar.0 tArcadia / Andrés Felipe Solano, Editor cANA 001040708HEMaFUSBCbFUSBCd2016-01-26l0o r2016-01-26 00:00:00w2016-01-26yANA c61818d61818